| 000 | 00487nam a22001697a 4500 | ||
|---|---|---|---|
| 999 |
_c7826 _d7824 |
||
| 005 | 20210904141726.0 | ||
| 008 | 210823b ||||| |||| 00| 0 eng d | ||
| 020 | _a0521563631 | ||
| 041 | _aeng | ||
| 082 | _a346.410 | ||
| 100 |
_aSHERMAN, BRAD AND BENTLY, LIONEL _96554 |
||
| 245 | _aTHE MAKING OF MODERN INTELLECTUAL PROPERTY LAW [The british experence ] [1760-1911] | ||
| 260 |
_aNEW YORK _bCAMBRIDGE UNIVERSITY PRESS _c1999 |
||
| 300 | _a242;p | ||
| 650 |
_aLAW _95701 |
||
| 942 | _cBK | ||